000 00296nam a2200121 a 4500
005 20140414132054.0
008 110714s19uu xx 00 eng d
050 _aER
_bF687 1968
100 _aDr.Seuss
245 _aThe foot book.
260 _aNew York :
_bRandom House,
_c1968.
999 _c114262
_d114262